| 000 | 02607cam a2200313 a 4500 | ||
|---|---|---|---|
| 001 | 15967819 | ||
| 005 | 20101013123839.0 | ||
| 008 | 091030s2010 mau b 001 0 eng | ||
| 020 | _a9780262014366 (hardcover : alk. paper) | ||
| 020 | _a026201436X (hardcover : alk. paper) | ||
| 020 | _a9780262514361 (pbk. : alk. paper) | ||
| 020 | _a0262514362 (pbk. : alk. paper) | ||
| 035 | _a(OCoLC)ocn463454544 | ||
| 040 |
_aDLC _cDLC _dYDXCP _dC#P _dBWX _dUKM _dCDX _dDLC |
||
| 082 | 0 | 0 |
_a363.70561 _222 _bENV |
| 245 | 0 | 4 |
_aThe environmental politics of sacrifice / _cedited by Michael Maniates and John M. Meyer. |
| 260 |
_aCambridge, Mass. : _bMIT Press, _cc2010. |
||
| 300 |
_aviii, 343 p. ; _c23 cm. |
||
| 504 | _aIncludes bibliographical references and index. | ||
| 505 | 0 | _aMust we sacrifice? confronting the politics of sacrifice in an ecologically full world / John M. Meyer and Michael Maniates -- Asking the right questions -- A democratic politics of sacrifice? / John M. Meyer -- Sacrifice in an age of comfort / Paul Wapner -- Freedom, values, and sacrifice : overcoming obstacles to environmentally sustainable behavior / Cheryl Hall -- Seeing sacrifice in everyday life -- Ordinary and extraordinary sacrifices : religion, everyday life, and environmental practice / Anna Peterson -- The sacred and the profane in the ecological politics of sacrifice / Karen Litfin -- Consumer sovereignty, heroic sacrifice : two insidious concepts in an endlessly expansionist economy / Thomas Princen -- Parental sacrifice as atonement for future climate change / Sudhir Chella Rajan -- Obstacles and opportunities -- Self-interest, sacrifice and climate change : (re- )framing the British Columbia carbon tax / Shane Gunster -- Civic virtue and sacrifice in a suburban nation / Peter Cannav�o -- Bikes, sticks, carrots / Justin Williams -- Intelligent design? : unpacking geoengineering's hidden sacrifices / Simon Nicholson -- Struggling with sacrifice : take back your time and right2vacation.org / Michael Maniates -- Conclusion : sacrifice and a new environmental politics / Michael Maniates and John M. Meyer. | |
| 650 | 0 |
_aEnvironmental policy. _928537 |
|
| 650 | 0 |
_aSacrifice. _928538 |
|
| 653 |
_bEco _cFebruary2012 |
||
| 700 | 1 |
_aManiates, Michael. _928539 |
|
| 700 | 1 |
_aMeyer, John M. _928540 |
|
| 942 |
_2ddc _cBB |
||
| 999 |
_c16369 _d16369 |
||